| 000 | 00873nam a2200241Ia 4500 | ||
|---|---|---|---|
| 003 | OSt | ||
| 005 | 20210525220606.0 | ||
| 008 | 210310s1998 ck gr 000 0 spa d | ||
| 020 | _a9589272908 | ||
| 040 |
_aCO-JMCR _cCO-JMCR |
||
| 041 | 0 | _aspa | |
| 082 | 0 | 4 |
_a353.84 / _bD419m _223 |
| 110 | 1 |
_aColombia. _bDepartamento Nacional de Planeación. _94087 |
|
| 245 | 1 | 0 |
_aManual financiero : _bpara las entidades del sistema nacional ambiental / _cDepartamento Nacional de Planeación |
| 250 | _aPrimera edición | ||
| 260 |
_aBogotá : _bFescol, _c1998 |
||
| 300 |
_a185 páginas ; _c28 cm. |
||
| 504 | _aBibliografía: páginas 171-172 | ||
| 505 | 0 | _aNivel Nacional --Nivel Regional -- Nivel Internacional | |
| 650 | 1 | 4 |
_aMedio ambiente _915812 _vManuales _xAspectos económicos _zColombia |
| 650 | 2 | 4 |
_aFinanciación ambiental _vManuales _zColombia _937899 |
| 942 |
_2ddc _cBK |
||
| 999 |
_c7916 _d7916 |
||